000 00806nam a2200229Ii 4500
003 JO-AjNU
008 230605s9999||||xx |||||||||||||| ||und||
017 _a2013/6/296
020 _a978-9957-90-000-7
040 _aJO-AjNU
_bara
_erda
_cJO-AjNU
041 _aara
050 1 4 _aLC4015.K82 2014
100 3 _aتاليف الكبيسي،عبد الواحد، م. مشارك الحياني، صبري بردان ,
_eauthor
_945984
245 0 0 _aمدخل إلى التربية الخاصة
250 _aط1
264 3 1 _aعمان:مركز ديبونو،2014
300 _a344ص
336 _atext
_btxt
_2rdacontent
337 _aunmediated
_bn
_2rdamedia
338 _avolume
_bnc
_2rdacarrier
650 4 _aالتربية الخاصة-تعليم. الأطفال المعوقون-تعليم
_945985
999 _aA19973
_c23541
_d23541